01027cam a22002411 4500001001300000003000400013005001700017008004100034010001700075035001900092040002700111041001300138042001200151050001900163082001900182100002300201245015200224260019400376300003900570500011500609504003000724650003100754he 67000479 DLC20260227111444.0780210s1966 is ab b f000 0 eng  ahe 67000479  a(OCoLC)3625966 aDLCcCoGrUdOCoLCdDLC1 aenghrus apremarc00aTK1485b.N4313 a621.31213409471 aNesteruk, F. I͡A.10aDevelopment of hydropower engineering in the U.S.S.R.bRazvitie gidroenergetiki SSSRc[by] F. Ya. Nesteruk. Translated from Russian [by Adolf Wald] aJerusalem,bIsrael Program for Scientific Translations;b[available from the U.S. Dept. of Commerce, Clearinghouse for Federal Scientific and Technical Information, Springfield, Va.]c1966. avii, 280 p.billus., maps.c24 cm. aAt head of title: Institute of History of Natural Science and Engineering, Academy of Sciences of the U.S.S.R. aBibliography: p. 274-279. 0aWater-powerzSoviet Union.